000 00715nam a2200241Ia 4500
003 OSt
005 20220926004916.0
006 a|||||r|||| 00| 0
007 ta
008 220923b |||||||| |||| 00| 0 eng d
020 _a9789352808052
037 _cGeneral Book
040 _aRTL
_cRTL
_beng
041 _2eng
_aeng
082 _aX:91(R941), Q8
100 _aANAND R
_9309466
245 0 _aHappiness at work
_b Mindfulness, analysis and well-being
260 _a New Delhi
_bSage
_c2018
300 _axxii,198p
_ccm.
500 _aGlossary: 299-303p.; Bibliography: 305-318p.; Appendix: 253-265p.
942 _hX:91(R941), Q8
_cGB
_2CC
999 _c612553
_d612553